000 00463nam a2200181Ia 4500
001 3928
005 20260306145719.0
008 260306t2019||||xx |||||||||||||| ||spa||
041 _aESP
082 _a305.552
_bS25
100 _aSantiago Fernández, Javier de
_eAUT
245 0 _aEscritura y sociedad:
_bburgueses, artesanos y campesinos
260 _c2019
300 _a413 páginas :
_c24 cm.
650 _aGEN
654 _aCHU
942 _cLIB
_dJUS
_fJUS
_2ddc
_n
999 _c3928
_d3928